000
00311nam a22001337a 4500
008
170930b xxu||||| |||| 00| 0 eng d
020
_a
9780804761215
041
_a
eng
080
_a
37
100
_a
47
101
_a
EDU
245
_a
MEASURING COLLEGE LEARNING RESPONSIBLY
_c
SHAVELSON, R.J
942
_2
udc
_c
BK
999
_c
30974
_d
30974